[Event "Torneo Interdepartamental 2019"]
[Site "Montevideo"]
[Date "2019.08.24"]
[Round "1.10"]
[White "De Cuadro, Dionisio"]
[Black "Casas, Nicolas"]
[Result "0-1"]
[WhiteElo "1654"]
[BlackElo "1798"]
[Annotator "NA"]
[PlyCount "112"]
[EventDate "2019.08.23"]
[EventType "team-tourn"]
[EventCountry "URU"]
[SourceTitle "playchess.com"]
[Source "ChessBase"]
[SourceQuality "1"]
[TimeControl "5400+30"]

1. Nf3 {[%emt 0:00:00]} d5 {[%emt 0:00:00]} 2. d4 {[%emt 0:00:00]} Nf6 {[%emt 0:00:41]} 3. c4 {[%emt 0:00:11]} c6 {[%emt 0:00:48]} 4. Nc3 {[%emt 0:00:36]} e6 {[%emt 0:00:29]} 5. Bg5 {[%emt 0:00:42]} Be7 {[%emt 0:00:29]} 6. e3 {[%emt 0:00:10]} Nbd7 {[%emt 0:01:01]} 7. Bd3 {[%emt 0:00:16]} h6 {[%emt 0:00:36]} 8. Bh4 {[%emt 0:00:10]} O-O {[%emt 0:03:44]} 9. O-O {[%emt 0:00:27]} c5 {[%emt 0:08:07]} 10. Qe2 {[%emt 0:05:05]} cxd4 {[%emt 0:05:39]} 11. exd4 {[%emt 0:01:14]} dxc4 {[%emt 0:05:27]} 12. Bxc4 {[%emt 0:00:13]} Nb6 {[%emt 0:00:07]} 13. Bd3 {[%emt 0:01:20]} Nbd5 {[%emt 0:00:12]} 14. Nxd5 {[%emt 0:02:58]} Qxd5 {[%emt 0:03:36]} 15. Rfc1 {[%emt 0:02:57]} Qd8 {[%emt 0:11:55]} 16. Bxf6 {[%emt 0:10:54]} Bxf6 {[%emt 0:00:16]} 17. Qe4 {[%emt 0:00:19]} g6 {[%emt 0:00:45]} 18. Rc5 {[%emt 0:04:49]} Rb8 {[%emt 0:08:34]} 19. Rac1 {[%emt 0:00:33]} Bd7 {[%emt 0:00:51]} 20. Ne5 {[%emt 0:03:28]} Bc6 {[%emt 0:13:42]} 21. Qe3 {[%emt 0:06:06]} Bg5 {[%emt 0:03:55]} 22. f4 {[%emt 0:00:42]} Bf6 {[%emt 0:00:15]} 23. R1c2 {[%emt 0:08:42]} a6 {[%emt 0:06:14]} 24. b4 {[%emt 0:01:04]} Qd6 {[%emt 0:04:02]} 25. a3 {[%emt 0:03:58]} Ba4 {[%emt 0:03:59]} 26. Rd2 {[%emt 0:03:23]} Bc6 {[%emt 0:03:10]} 27. Bxa6 {[%emt 0:03:05]} Bxg2 {[%emt 0:01:17]} 28. Kxg2 {[%emt 0:01:54]} bxa6 {[%emt 0:00:26]} 29. Rdc2 {[%emt 0:03:21]} Rfd8 {[%emt 0:01:26]} 30. Rd2 {[%emt 0:00:32]} Rbc8 {[%emt 0:01:08]} 31. Kg3 {[%emt 0:06:30]} Kg7 {[%emt 0:03:49]} 32. Qe4 {[%emt 0:03:01]} Rxc5 {[%emt 0:02:01]} 33. bxc5 {[%emt 0:00:25]} Qc7 {[%emt 0:00:33]} 34. Rb2 {[%emt 0:00:38]} Qa5 {[%emt 0:01:24]} 35. Qe3 {[%emt 0:03:22]} Qc7 {[%emt 0:03:16]} 36. Rb6 {[%emt 0:01:24]} a5 {[%emt 0:01:29]} 37. Qe4 {[%emt 0:02:07]} Rd5 {[%emt 0:00:09]} 38. a4 {[%emt 0:02:08]} Qd8 {[%emt 0:00:56]} 39. Rb7 {[%emt 0:11:41]} Bxe5 {[%emt 0:00:18]} 40. dxe5 {[%emt 0:03:38]} Rxc5 {[%emt 0:01:09]} 41. Rb3 {[%emt 0:01:28]} Qd2 {[%emt 0:00:50]} 42. Rd3 {[%emt 0:01:55]} Qc1 {[%emt 0:00:49]} 43. Qf3 {[%emt 0:00:30]} Rc4 {[%emt 0:00:21]} 44. Ra3 {[%emt 0:00:35]} Qg1+ {[%emt 0:00:36]} 45. Kh3 {[%emt 0:00:25]} Qd4 {[%emt 0:00:22]} 46. Kg3 {[%emt 0:01:03]} Rxa4 {[%emt 0:00:11]} 47. Re3 {[%emt 0:00:10]} Ra1 {[%emt 0:00:31]} 48. Qf2 {[%emt 0:00:22]} Qd1 {[%emt 0:00:46]} 49. h3 {[%emt 0:01:15]} a4 {[%emt 0:00:53]} 50. Re2 {[%emt 0:00:19]} Qg1+ {[%emt 0:00:55]} 51. Qxg1 {[%emt 0:00:22]} Rxg1+ {[%emt 0:00:04]} 52. Kf2 {[%emt 0:00:12]} Ra1 {[%emt 0:00:06]} 53. Kf3 {[%emt 0:00:14]} a3 {[%emt 0:00:10]} 54. Ke4 {[%emt 0:00:23]} a2 {[%emt 0:00:14]} 55. h4 {[%emt 0:00:12]} f6 {[%emt 0:00:32]} 56. Ke3 {[%emt 0:01:19]} f5 {[%emt 0:00:19]} 0-1

[Event "Torneo Interdepartamental 2019"]
[Site "Montevideo"]
[Date "2019.08.23"]
[Round "1.10"]
[White "Chargonia, Alfredo"]
[Black "Daneri, Martin"]
[Result "*"]
[WhiteElo "1572"]
[BlackElo "2050"]
[Annotator "NA RC"]
[PlyCount "27"]
[EventDate "2019.08.23"]
[EventType "team-tourn"]
[EventCountry "URU"]
[SourceTitle "playchess.com"]
[Source "ChessBase"]
[SourceQuality "1"]
[TimeControl "5400+30"]

1. Nf3 {[%emt 0:00:00]} d5 {[%emt 0:00:00]} 2. d4 {[%emt 0:00:00]} Nf6 {[%emt 0:00:41]} 3. c4 {[%emt 0:00:11]} c6 {[%emt 0:00:48]} 4. Nc3 {[%emt 0:00:36]} e6 {[%emt 0:00:29]} 5. Bg5 {[%emt 0:00:42]} Be7 {[%emt 0:00:29]} 6. e3 {[%emt 0:00:10]} Nbd7 {[%emt 0:01:01]} 7. Bd3 {[%emt 0:00:16]} h6 {[%emt 0:00:36]} 8. Bh4 {[%emt 0:00:10]} O-O {[%emt 0:03:44]} 9. O-O {[%emt 0:00:27]} c5 {[%emt 0:08:07]} 10. Qe2 {[%emt 0:05:05]} cxd4 {[%emt 0:05:39]} 11. exd4 {[%emt 0:01:14]} dxc4 {[%emt 0:05:27]} 12. Bxc4 {[%emt 0:00:13]} Nb6 {[%emt 0:00:07]} 13. Bd3 {[%emt 0:01:20]} Nbd5 {[%emt 0:00:12]} 14. Nxd5 {[%emt 0:02:58]} *

[Event "Torneo Interdepartamental 2019"]
[Site "Montevideo"]
[Date "2019.08.23"]
[Round "1.11"]
[White "Lanzilotta, Marcelo"]
[Black "Pereira, Gerardo"]
[Result "*"]
[WhiteElo "1970"]
[BlackElo "1331"]
[Annotator "NA RC"]
[PlyCount "28"]
[EventDate "2019.08.23"]
[EventType "team-tourn"]
[EventCountry "URU"]
[SourceTitle "playchess.com"]
[Source "ChessBase"]
[SourceQuality "1"]
[TimeControl "5400+30"]

1. e4 {[%emt 0:00:00]} d6 {[%emt 0:00:00]} 2. d4 {[%emt 0:00:00]} Nf6 {[%emt 0:00:00]} 3. Nc3 {[%emt 0:00:00]} Nbd7 {[%emt 0:00:34]} 4. Bc4 {[%emt 0:00:00]} e5 {[%emt 0:00:27]} 5. Nf3 {[%emt 0:00:21]} Be7 {[%emt 0:00:56]} 6. O-O {[%emt 0:00:14]} h6 {[%emt 0:00:33]} 7. Re1 {[%emt 0:00:30]} c6 {[%emt 0:00:36]} 8. a4 {[%emt 0:00:20]} Qc7 {[%emt 0:00:50]} 9. Qe2 {[%emt 0:00:45]} g5 {[%emt 0:01:35]} 10. Bb3 {[%emt 0:03:38]} Nf8 {[%emt 0:03:10]} 11. Qc4 {[%emt 0:05:37]} Be6 {[%emt 0:05:31]} 12. d5 {[%emt 0:02:47]} Bd7 {[%emt 0:02:48]} 13. dxc6 {[%emt 0:02:09]} Be6 {[%emt 0:04:26]} 14. cxb7 {[%emt 0:02:39]} Qxb7 {[%emt 0:01:13]} *

[Event "Torneo Interdepartamental 2019"]
[Site "Montevideo"]
[Date "2019.08.24"]
[Round "1.11"]
[White "Malan, Lucia"]
[Black "Blanco, Rudemar Ernesto"]
[Result "1-0"]
[WhiteElo "1831"]
[BlackElo "1516"]
[Annotator "NA"]
[PlyCount "63"]
[EventDate "2019.08.23"]
[EventType "team-tourn"]
[EventCountry "URU"]
[SourceTitle "playchess.com"]
[Source "ChessBase"]
[SourceQuality "1"]
[TimeControl "5400+30"]

1. e4 {[%emt 0:00:00]} d6 {[%emt 0:00:00]} 2. d4 {[%emt 0:00:00]} Nf6 {[%emt 0:00:00]} 3. Nc3 {[%emt 0:00:00]} Nbd7 {[%emt 0:00:34]} 4. Bc4 {[%emt 0:00:00]} e5 {[%emt 0:00:27]} 5. Nf3 {[%emt 0:00:21]} Be7 {[%emt 0:00:56]} 6. O-O {[%emt 0:00:14]} h6 {[%emt 0:00:33]} 7. Re1 {[%emt 0:00:30]} c6 {[%emt 0:00:36]} 8. a4 {[%emt 0:00:20]} Qc7 {[%emt 0:00:50]} 9. Qe2 {[%emt 0:00:45]} g5 {[%emt 0:01:35]} 10. Bb3 {[%emt 0:03:38]} Nf8 {[%emt 0:03:10]} 11. Qc4 {[%emt 0:05:37]} Be6 {[%emt 0:05:31]} 12. d5 {[%emt 0:02:47]} Bd7 {[%emt 0:02:48]} 13. dxc6 {[%emt 0:02:09]} Be6 {[%emt 0:04:26]} 14. cxb7 {[%emt 0:02:39]} Qxb7 {[%emt 0:01:13]} 15. Qb5+ {[%emt 0:02:36]} Qxb5 {[%emt 0:03:56]} 16. Nxb5 {[%emt 0:00:06]} Kd7 {[%emt 0:00:22]} 17. Be3 {[%emt 0:04:02]} a6 {[%emt 0:03:25]} 18. Nc3 {[%emt 0:00:28]} Bxb3 {[%emt 0:00:48]} 19. cxb3 {[%emt 0:00:06]} Rb8 {[%emt 0:03:21]} 20. Nd2 {[%emt 0:04:07]} Ne6 {[%emt 0:03:26]} 21. Red1 {[%emt 0:04:09]} Rhd8 {[%emt 0:08:55]} 22. Nc4 {[%emt 0:05:50]} Ke8 {[%emt 0:05:43]} 23. Bb6 {[%emt 0:06:43]} Rd7 {[%emt 0:04:25]} 24. a5 {[%emt 0:02:19]} Nd4 {[%emt 0:06:00]} 25. Bxd4 {[%emt 0:03:03]} exd4 {[%emt 0:00:12]} 26. Rxd4 {[%emt 0:00:29]} Kf8 {[%emt 0:05:29]} 27. Nb6 {[%emt 0:01:25]} Rdd8 {[%emt 0:02:17]} 28. Rad1 {[%emt 0:01:11]} Kg8 {[%emt 0:03:24]} 29. b4 {[%emt 0:02:46]} Nd7 {[%emt 0:04:23]} 30. Ncd5 {[%emt 0:00:48]} Bf8 {[%emt 0:00:31]} 31. Nxd7 {[%emt 0:00:07]} Rxd7 {[%emt 0:00:36]} 32. Nf6+ {[%emt 0:00:09]} 1-0

[Event "Torneo Interdepartamental 2019"]
[Site "Montevideo"]
[Date "2019.08.24"]
[Round "2.1"]
[White "Moreira, Marcelo"]
[Black "Ibanez, Juan Rodrigo"]
[Result "1/2-1/2"]
[WhiteElo "2061"]
[BlackElo "2124"]
[Annotator "ChessBase"]
[PlyCount "83"]
[EventDate "2019.08.23"]
[EventType "team-tourn"]
[EventCountry "URU"]
[SourceTitle "playchess.com"]
[Source "ChessBase"]
[SourceQuality "1"]
[TimeControl "5400+30"]

1. d4 {[%emt 0:08:18]} Nf6 {[%emt 0:00:00]} 2. Nf3 {[%emt 0:00:11]} g6 {[%emt 0:02:15]} 3. c4 {[%emt 0:00:10]} Bg7 {[%emt 0:00:04]} 4. g3 {[%emt 0:00:11]} O-O {[%emt 0:00:08]} 5. Bg2 {[%emt 0:00:09]} d6 {[%emt 0:05:53]} 6. O-O {[%emt 0:00:26]} Nbd7 {[%emt 0:02:21]} 7. Nc3 {[%emt 0:03:57]} c5 {[%emt 0:03:20]} 8. b3 {[%emt 0:04:17]} a6 {[%emt 0:02:00]} 9. Bb2 {[%emt 0:00:30]} Rb8 {[%emt 0:00:50]} 10. dxc5 {[%emt 0:03:49]} dxc5 {[%emt 0:00:26]} 11. a4 {[%emt 0:01:09]} b6 {[%emt 0:05:25]} 12. Qc2 {[%emt 0:00:24]} Bb7 {[%emt 0:00:07]} 13. Rad1 {[%emt 0:02:21]} Qc7 {[%emt 0:00:15]} 14. Rfe1 {[%emt 0:04:18]} e5 {[%emt 0:04:45]} 15. Nd2 {[%emt 0:06:17]} Bxg2 {[%emt 0:03:16]} 16. Kxg2 {[%emt 0:00:06]} Rbd8 {[%emt 0:13:02]} 17. Nf1 {[%emt 0:02:56]} Nb8 {[%emt 0:00:23]} 18. Ne3 {[%emt 0:00:32]} Nc6 {[%emt 0:00:04]} 19. Ned5 {[%emt 0:00:41]} Nxd5 {[%emt 0:00:15]} 20. Nxd5 {[%emt 0:00:08]} Qb7 {[%emt 0:00:08]} 21. f3 {[%emt 0:05:00]} f5 {[%emt 0:02:59]} 22. e4 {[%emt 0:04:06]} Rf7 {[%emt 0:10:35]} 23. Rf1 {[%emt 0:08:31]} Rdf8 {[%emt 0:00:16]} 24. Qe2 {[%emt 0:09:13]} Rb8 {[%emt 0:14:36]} 25. Qc2 {[%emt 0:02:57]} b5 {[%emt 0:06:14]} 26. axb5 {[%emt 0:08:19]} axb5 {[%emt 0:00:07]} 27. Bc3 {[%emt 0:05:36]} Rbf8 {[%emt 0:04:18]} 28. Qe2 {[%emt 0:04:23]} b4 {[%emt 0:03:38]} 29. Bb2 {[%emt 0:00:33]} fxe4 {[%emt 0:04:16]} 30. Qxe4 {[%emt 0:02:17]} Qc8 {[%emt 0:07:19]} 31. Ra1 {[%emt 0:03:14]} Qf5 {[%emt 0:00:25]} 32. Qxf5 {[%emt 0:02:25]} gxf5 {[%emt 0:00:02]} 33. Ra6 {[%emt 0:00:24]} Rc8 {[%emt 0:00:47]} 34. Re1 {[%emt 0:01:36]} e4 {[%emt 0:01:04]} 35. Bxg7 {[%emt 0:00:41]} exf3+ {[%emt 0:00:05]} 36. Kxf3 {[%emt 0:00:40]} Kxg7 {[%emt 0:00:06]} 37. Kf4 {[%emt 0:00:59]} Nd4 {[%emt 0:00:16]} 38. Re3 {[%emt 0:00:16]} Nc2 {[%emt 0:00:56]} 39. Re5 {[%emt 0:01:45]} Nd4 {[%emt 0:00:08]} 40. Re3 {[%emt 0:00:31]} Nc2 {[%emt 0:01:09]} 41. Re5 {[%emt 0:00:10]} Nd4 {[%emt 0:00:06]} 42. Re3 {[%emt 0:00:08]} 1/2-1/2

[Event "Torneo Interdepartamental 2019"]
[Site "Montevideo"]
[Date "2019.08.24"]
[Round "2.2"]
[White "Coppola, Claudio"]
[Black "Granara Barreto, Sebastian"]
[Result "1/2-1/2"]
[WhiteElo "2252"]
[BlackElo "2149"]
[Annotator "ChessBase"]
[PlyCount "41"]
[EventDate "2019.08.23"]
[EventType "team-tourn"]
[EventCountry "URU"]
[SourceTitle "playchess.com"]
[Source "ChessBase"]
[SourceQuality "1"]
[TimeControl "5400+30"]

1. d4 {[%emt 0:04:26]} d5 {[%emt 0:00:15]} 2. c4 {[%emt 0:00:09]} c6 {[%emt 0:00:05]} 3. cxd5 {[%emt 0:00:06]} cxd5 {[%emt 0:00:04]} 4. Nc3 {[%emt 0:00:05]} Nf6 {[%emt 0:00:04]} 5. Nf3 {[%emt 0:00:05]} Nc6 {[%emt 0:00:23]} 6. Ne5 {[%emt 0:00:06]} e6 {[%emt 0:03:08]} 7. Bf4 {[%emt 0:00:41]} Qb6 {[%emt 0:04:43]} 8. Nxc6 {[%emt 0:00:09]} bxc6 {[%emt 0:00:33]} 9. Rb1 {[%emt 0:00:12]} Ba6 {[%emt 0:05:34]} 10. g3 {[%emt 0:00:08]} Be7 {[%emt 0:12:17]} 11. Bg2 {[%emt 0:00:22]} O-O {[%emt 0:00:07]} 12. O-O {[%emt 0:00:43]} Nd7 {[%emt 0:01:25]} 13. b4 {[%emt 0:07:17]} Bc4 {[%emt 0:04:56]} 14. Bf3 {[%emt 0:17:30]} Bf6 {[%emt 0:04:33]} 15. Be3 {[%emt 0:06:05]} a5 {[%emt 0:11:16]} 16. a3 {[%emt 0:26:36]} axb4 {[%emt 0:04:31]} 17. Rxb4 {[%emt 0:07:04]} Qa6 {[%emt 0:01:00]} 18. Ra4 {[%emt 0:08:59]} Qb7 {[%emt 0:00:25]} 19. Rb4 {[%emt 0:06:46]} Qa6 {[%emt 0:10:02]} 20. Ra4 {[%emt 0:01:44]} Qb7 {[%emt 0:00:20]} 21. Rb4 {[%emt 0:00:08]} 1/2-1/2

[Event "Torneo Interdepartamental 2019"]
[Site "Montevideo"]
[Date "2019.08.24"]
[Round "2.3"]
[White "Silva Rosas, Natalia"]
[Black "Curi, Gabriel"]
[Result "1-0"]
[WhiteElo "1800"]
[BlackElo "2195"]
[Annotator "NA"]
[PlyCount "48"]
[EventDate "2019.08.23"]
[EventType "team-tourn"]
[EventCountry "URU"]
[SourceTitle "playchess.com"]
[Source "ChessBase"]
[SourceQuality "1"]
[TimeControl "5400+30"]

1. e4 {[%emt 0:07:19]} e6 {[%emt 0:00:00]} 2. d3 {[%emt 0:00:05]} d5 {[%emt 0:00:00]} 3. Nd2 {[%emt 0:00:05]} c5 {[%emt 0:00:00]} 4. Ngf3 {[%emt 0:00:12]} Nc6 {[%emt 0:00:20]} 5. g3 {[%emt 0:00:08]} Nge7 {[%emt 0:00:17]} 6. Bg2 {[%emt 0:00:09]} g6 {[%emt 0:00:06]} 7. O-O {[%emt 0:00:13]} Bg7 {[%emt 0:00:05]} 8. Re1 {[%emt 0:00:25]} O-O {[%emt 0:00:12]} 9. c3 {[%emt 0:02:46]} Qc7 {[%emt 0:01:40]} 10. Nf1 {[%emt 0:00:51]} d4 {[%emt 0:05:18]} 11. e5 {[%emt 0:05:22]} Nxe5 {[%emt 0:06:12]} 12. Bf4 {[%emt 0:00:43]} Nxf3+ {[%emt 0:00:32]} 13. Qxf3 {[%emt 0:00:30]} e5 {[%emt 0:02:02]} 14. Bd2 {[%emt 0:00:54]} Be6 {[%emt 0:02:23]} 15. c4 {[%emt 0:01:56]} Rab8 {[%emt 0:00:21]} 16. h4 {[%emt 0:00:14]} Bd7 {[%emt 0:02:57]} 17. h5 {[%emt 0:02:46]} Bc6 {[%emt 0:00:33]} 18. Qg4 {[%emt 0:00:15]} Bxg2 {[%emt 0:01:05]} 19. Kxg2 {[%emt 0:00:06]} Qc6+ {[%emt 0:01:12]} 20. f3 {[%emt 0:01:21]} b5 {[%emt 0:01:58]} 21. cxb5 {[%emt 0:04:55]} Qxb5 {[%emt 0:00:42]} 22. hxg6 {[%emt 0:04:19]} hxg6 {[%emt 0:00:32]} 23. Bc1 {[%emt 0:02:50]} Qxd3 {[%emt 0:03:55]} 24. Nd2 {[%emt 0:00:57]} Rxb2 1-0

[Event "Torneo Interdepartamental 2019"]
[Site "Montevideo"]
[Date "2019.08.24"]
[Round "2.4"]
[White "Dominguez, Facundo"]
[Black "Braso, Jorge"]
[Result "1-0"]
[WhiteElo "2138"]
[BlackElo "2108"]
[Annotator "ChessBase"]
[PlyCount "53"]
[EventDate "2019.08.23"]
[EventType "team-tourn"]
[EventCountry "URU"]
[SourceTitle "playchess.com"]
[Source "ChessBase"]
[SourceQuality "1"]
[TimeControl "5400+30"]

1. e4 {[%emt 0:00:36]} c5 {[%emt 0:00:00]} 2. Nf3 {[%emt 0:00:37]} d6 {[%emt 0:00:00]} 3. d4 {[%emt 0:00:04]} cxd4 {[%emt 0:00:00]} 4. Nxd4 {[%emt 0:00:05]} Nf6 {[%emt 0:00:00]} 5. Nc3 {[%emt 0:00:08]} a6 {[%emt 0:00:00]} 6. f3 {[%emt 0:00:15]} e6 {[%emt 0:01:19]} 7. Be3 {[%emt 0:00:06]} Be7 {[%emt 0:00:03]} 8. Qd2 {[%emt 0:00:06]} b5 {[%emt 0:00:54]} 9. O-O-O {[%emt 0:01:15]} Bb7 {[%emt 0:00:06]} 10. g4 {[%emt 0:00:43]} Nc6 {[%emt 0:03:13]} 11. g5 {[%emt 0:09:32]} Nd7 {[%emt 0:00:09]} 12. h4 {[%emt 0:01:20]} Rc8 {[%emt 0:03:49]} 13. Be2 {[%emt 0:32:08]} Nc5 {[%emt 0:04:13]} 14. Nxc6 {[%emt 0:04:37]} Bxc6 {[%emt 0:00:53]} 15. a3 {[%emt 0:06:04]} Qa5 {[%emt 0:05:53]} 16. Kb1 {[%emt 0:01:40]} Na4 {[%emt 0:06:03]} 17. Nxa4 {[%emt 0:01:07]} Qxa4 {[%emt 0:00:04]} 18. Bd4 {[%emt 0:11:01]} O-O {[%emt 0:03:53]} 19. h5 {[%emt 0:01:33]} d5 {[%emt 0:03:03]} 20. h6 {[%emt 0:05:58]} g6 {[%emt 0:00:19]} 21. Qf4 {[%emt 0:00:09]} Bd7 {[%emt 0:00:38]} 22. Rd2 {[%emt 0:08:57]} b4 {[%emt 0:12:41]} 23. b3 {[%emt 0:06:24]} Qc6 {[%emt 0:00:51]} 24. exd5 {[%emt 0:01:08]} Qxd5 {[%emt 0:03:59]} 25. Bf6 {[%emt 0:01:18]} Qc5 {[%emt 0:02:08]} 26. Bxe7 {[%emt 0:00:13]} Qxe7 {[%emt 0:00:22]} 27. Rxd7 1-0

[Event "Torneo Interdepartamental 2019"]
[Site "Montevideo"]
[Date "2019.08.24"]
[Round "2.5"]
[White "Castro, Cesar"]
[Black "Caitano, Martin Joel"]
[Result "1/2-1/2"]
[WhiteElo "2082"]
[BlackElo "2119"]
[Annotator "ChessBase"]
[PlyCount "103"]
[EventDate "2019.08.23"]
[EventType "team-tourn"]
[EventCountry "URU"]
[SourceTitle "playchess.com"]
[Source "ChessBase"]
[SourceQuality "1"]
[TimeControl "5400+30"]

1. e4 {[%emt 0:00:00]} d6 {[%emt 0:00:26]} 2. d4 {[%emt 0:00:00]} Nd7 {[%emt 0:00:19]} 3. Nc3 {[%emt 0:00:29]} e5 {[%emt 0:00:13]} 4. Nf3 {[%emt 0:00:37]} c6 {[%emt 0:02:46]} 5. a4 {[%emt 0:01:29]} b6 {[%emt 0:03:34]} 6. Bc4 {[%emt 0:01:08]} Be7 {[%emt 0:00:47]} 7. O-O {[%emt 0:04:22]} h6 {[%emt 0:03:24]} 8. d5 {[%emt 0:11:02]} c5 {[%emt 0:02:09]} 9. Bb5 {[%emt 0:00:20]} a6 {[%emt 0:10:32]} 10. Bc6 {[%emt 0:01:04]} Ra7 {[%emt 0:01:42]} 11. Nd2 {[%emt 0:01:28]} Ngf6 {[%emt 0:01:56]} 12. Nc4 {[%emt 0:01:05]} O-O {[%emt 0:01:25]} 13. f4 {[%emt 0:02:01]} exf4 {[%emt 0:10:22]} 14. Bxf4 {[%emt 0:02:39]} Nb8 {[%emt 0:05:13]} 15. e5 {[%emt 0:06:16]} dxe5 {[%emt 0:02:18]} 16. Bxe5 {[%emt 0:00:15]} Nxc6 {[%emt 0:15:03]} 17. dxc6 {[%emt 0:00:26]} Qe8 {[%emt 0:01:25]} 18. Bxf6 {[%emt 0:13:46]} Bxf6 {[%emt 0:00:26]} 19. Qf3 {[%emt 0:01:28]} Bd4+ {[%emt 0:13:25]} 20. Kh1 {[%emt 0:00:10]} Bxc3 {[%emt 0:04:09]} 21. bxc3 {[%emt 0:00:19]} Rc7 {[%emt 0:00:39]} 22. Nxb6 {[%emt 0:02:15]} Be6 {[%emt 0:06:39]} 23. c4 {[%emt 0:14:33]} Rxc6 {[%emt 0:00:48]} 24. Nd5 {[%emt 0:00:16]} Rc8 {[%emt 0:02:15]} 25. Qg3 {[%emt 0:01:15]} Kh8 {[%emt 0:02:55]} 26. Rfd1 {[%emt 0:03:52]} Rd8 {[%emt 0:03:44]} 27. Qc7 {[%emt 0:01:28]} Rc8 {[%emt 0:00:58]} 28. Qa5 {[%emt 0:00:29]} Qc6 {[%emt 0:01:21]} 29. Qc3 {[%emt 0:03:45]} Rb8 {[%emt 0:00:49]} 30. a5 {[%emt 0:00:54]} Rfd8 {[%emt 0:01:08]} 31. Qe5 {[%emt 0:00:42]} Qd6 {[%emt 0:01:11]} 32. Qh5 {[%emt 0:01:22]} Qc6 {[%emt 0:01:20]} 33. h3 {[%emt 0:00:30]} Bxd5 {[%emt 0:00:34]} 34. cxd5 {[%emt 0:00:02]} Qc7 {[%emt 0:00:33]} 35. c4 {[%emt 0:00:10]} Rb4 {[%emt 0:00:26]} 36. Qh4 {[%emt 0:01:43]} Qd6 {[%emt 0:00:30]} 37. Qe4 {[%emt 0:00:32]} Kg8 {[%emt 0:00:22]} 38. Re1 {[%emt 0:00:14]} Qf6 {[%emt 0:00:40]} 39. Rf1 {[%emt 0:00:45]} Qd6 {[%emt 0:00:28]} 40. Ra2 {[%emt 0:00:23]} Rf8 {[%emt 0:00:30]} 41. Qd3 {[%emt 0:01:46]} Re8 {[%emt 0:00:27]} 42. Re2 {[%emt 0:00:22]} Reb8 {[%emt 0:00:36]} 43. Rfe1 {[%emt 0:00:22]} g6 {[%emt 0:00:25]} 44. Re7 {[%emt 0:07:25]} Rf8 {[%emt 0:00:30]} 45. Qe3 {[%emt 0:00:19]} Rxc4 {[%emt 0:00:31]} 46. Qxh6 {[%emt 0:00:22]} Qxd5 {[%emt 0:00:31]} 47. Re8 {[%emt 0:01:38]} Qd6 {[%emt 0:00:33]} 48. R8e6 {[%emt 0:01:16]} Qf4 {[%emt 0:00:30]} 49. Qxf4 {[%emt 0:00:40]} Rxf4 {[%emt 0:00:05]} 50. Rxa6 {[%emt 0:00:02]} Ra4 {[%emt 0:00:37]} 51. Rc1 {[%emt 0:00:29]} Rc8 {[%emt 0:00:28]} 52. Rc3 {[%emt 0:00:18]} 1/2-1/2

[Event "Torneo Interdepartamental 2019"]
[Site "Montevideo"]
[Date "2019.08.24"]
[Round "2.6"]
[White "Casas, Nicolas"]
[Black "Campora, Edgardo"]
[Result "0-1"]
[WhiteElo "1798"]
[BlackElo "1666"]
[Annotator "NA"]
[PlyCount "125"]
[EventDate "2019.08.23"]
[EventType "team-tourn"]
[EventCountry "URU"]
[SourceTitle "playchess.com"]
[Source "ChessBase"]
[SourceQuality "1"]
[TimeControl "5400+30"]

1. d4 {[%emt 0:00:46]} Nf6 {[%emt 0:00:00]} 2. Nf3 {[%emt 0:00:14]} g6 {[%emt 0:00:00]} 3. Bf4 {[%emt 0:01:25]} Bg7 {[%emt 0:00:00]} 4. e3 {[%emt 0:00:14]} d6 {[%emt 0:00:05]} 5. h3 {[%emt 0:00:08]} c5 {[%emt 0:00:22]} 6. c3 {[%emt 0:00:16]} O-O {[%emt 0:00:40]} 7. Nbd2 {[%emt 0:00:07]} cxd4 {[%emt 0:00:25]} 8. exd4 {[%emt 0:00:54]} Nc6 {[%emt 0:13:05]} 9. Be2 {[%emt 0:01:08]} Re8 {[%emt 0:01:42]} 10. O-O {[%emt 0:00:19]} e5 {[%emt 0:00:19]} 11. dxe5 {[%emt 0:03:37]} dxe5 {[%emt 0:01:12]} 12. Be3 {[%emt 0:01:49]} Nd5 {[%emt 0:07:41]} 13. Nb3 {[%emt 0:03:16]} Nxe3 {[%emt 0:04:06]} 14. fxe3 {[%emt 0:00:17]} Qb6 {[%emt 0:05:12]} 15. Qd2 {[%emt 0:03:27]} Bh6 {[%emt 0:01:00]} 16. Kf2 {[%emt 0:00:13]} f5 {[%emt 0:20:38]} 17. Bc4+ {[%emt 0:00:25]} Kh8 {[%emt 0:01:55]} 18. h4 {[%emt 0:02:49]} e4 {[%emt 0:01:06]} 19. Ng5 {[%emt 0:00:39]} Ne5 {[%emt 0:02:07]} 20. Be2 {[%emt 0:13:33]} Qf6 {[%emt 0:10:10]} 21. Rad1 {[%emt 0:04:25]} Bxg5 {[%emt 0:01:02]} 22. hxg5 {[%emt 0:00:27]} Qxg5 {[%emt 0:00:06]} 23. Qd6 {[%emt 0:00:51]} Qh4+ {[%emt 0:04:44]} 24. Kg1 {[%emt 0:00:55]} Qg3 {[%emt 0:16:04]} 25. Qf6+ {[%emt 0:03:25]} Kg8 {[%emt 0:00:06]} 26. Rd5 {[%emt 0:03:13]} Qxe3+ {[%emt 0:00:32]} 27. Rf2 {[%emt 0:00:12]} Nf7 {[%emt 0:05:10]} 28. Nd4 {[%emt 0:03:32]} Qg5 {[%emt 0:00:41]} 29. Qxg5 {[%emt 0:02:43]} Nxg5 {[%emt 0:00:02]} 30. Bc4 {[%emt 0:00:34]} Kg7 {[%emt 0:01:23]} 31. Rc5 {[%emt 0:01:51]} Re7 {[%emt 0:01:04]} 32. Kf1 {[%emt 0:03:43]} b6 {[%emt 0:01:09]} 33. Rc6 {[%emt 0:01:09]} Bd7 {[%emt 0:01:31]} 34. Rc7 {[%emt 0:00:34]} Rc8 {[%emt 0:00:15]} 35. Rxc8 {[%emt 0:01:08]} Bxc8 {[%emt 0:00:01]} 36. b3 {[%emt 0:00:16]} Kf6 {[%emt 0:01:16]} 37. Ke2 {[%emt 0:01:11]} Bb7 {[%emt 0:00:37]} 38. g4 {[%emt 0:02:53]} Re5 {[%emt 0:00:04]} 39. gxf5 {[%emt 0:00:54]} gxf5 {[%emt 0:00:03]} 40. Ke3 {[%emt 0:01:06]} Nh3 {[%emt 0:00:47]} 41. Rh2 {[%emt 0:01:31]} f4+ {[%emt 0:00:28]} 42. Ke2 {[%emt 0:00:06]} Rh5 {[%emt 0:01:11]} 43. Kf1 {[%emt 0:01:48]} Kg6 {[%emt 0:00:46]} 44. Bb5 {[%emt 0:00:34]} Kg5 {[%emt 0:00:34]} 45. Bd7 {[%emt 0:01:42]} f3 {[%emt 0:00:19]} 46. Rxh3 {[%emt 0:16:38]} Rxh3 {[%emt 0:00:06]} 47. Bxh3 {[%emt 0:00:07]} Kf4 {[%emt 0:00:45]} 48. Kf2 {[%emt 0:02:22]} e3+ {[%emt 0:00:30]} 49. Kf1 {[%emt 0:00:26]} Kg3 {[%emt 0:00:19]} 50. Bd7 {[%emt 0:00:55]} f2 {[%emt 0:01:00]} 51. Ne2+ {[%emt 0:01:55]} Kh2 {[%emt 0:00:08]} 52. Nf4 {[%emt 0:00:36]} Ba6+ {[%emt 0:00:55]} 53. c4 {[%emt 0:00:11]} Bb7 {[%emt 0:00:20]} 54. Be6 {[%emt 0:01:23]} Be4 {[%emt 0:00:28]} 55. Bd5 {[%emt 0:00:26]} Bb1 {[%emt 0:00:45]} 56. a3 {[%emt 0:01:29]} h5 {[%emt 0:00:06]} 57. b4 {[%emt 0:01:59]} h4 {[%emt 0:00:30]} 58. c5 {[%emt 0:00:06]} bxc5 {[%emt 0:00:23]} 59. bxc5 {[%emt 0:00:06]} Kg3 {[%emt 0:00:10]} 60. Ne2+ {[%emt 0:00:24]} Kh2 {[%emt 0:01:19]} 61. c6 {[%emt 0:02:30]} Bd3 {[%emt 0:00:03]} 62. Bf3 {[%emt 0:01:08]} Bf5 {[%emt 0:00:52]} 63. c7 0-1